[Event "20. Open Villa de Benidorm"]
[Site "Benidorm ESP"]
[Date "2007.04.26"]
[Round "5.3"]
[White "Chatalbashev, Boris"]
[Black "Pogorelov, Ruslan"]
[Result "1/2-1/2"]
[WhiteElo "2546"]
[BlackElo "2462"]
[PlyCount "190"]
[EventDate "2007.04.22"]
[EventType "swiss"]
[EventRounds "9"]
[EventCountry "ESP"]
[Source "lmi"]
[SourceDate "2007.04.22"]

1. d4 Nf6 2. Nf3 e6 3. e3 b6 4. Bd3 Bb7 5. O-O c5 6. c4 Be7 7. Nc3 cxd4 8. exd4
d5 9. cxd5 Nxd5 10. Ne5 O-O 11. Qh5 Nf6 12. Qh4 Nbd7 13. Rd1 Ne4 14. Qh3 Ndf6
15. d5 Nxc3 16. bxc3 exd5 17. Nd7 h6 18. Nxf8 Qxf8 19. Be3 Bc8 20. Qg3 Bd6 21.
Bf4 Bxf4 22. Qxf4 Bg4 23. Re1 Qc5 24. Re3 Be6 25. Rae1 Rc8 26. h3 Qa3 27. Bf5
Bxf5 28. Qxf5 Rd8 29. c4 Qxa2 30. cxd5 Qd2 31. g4 Kf8 32. Qe5 Qxd5 33. Qe7+ Kg8
34. Qxa7 b5 35. Qb6 Rc8 36. Re5 Qf3 37. Qe3 Qc6 38. Qb3 Rb8 39. Rd1 Qc4 40.
Qxc4 bxc4 41. Rc5 Rb3 42. Kg2 c3 43. Rd4 g5 44. Rdc4 Kg7 45. Rxc3 Rb4 46. R3c4
Rb2 47. Kg3 Rd2 48. Rf5 Rd3+ 49. Rf3 Rd6 50. h4 Kg6 51. h5+ Kg7 52. Rf5 Re6 53.
f3 Ra6 54. Rc7 Rd6 55. Kf2 Rd2+ 56. Ke3 Rd6 57. Rcc5 Re6+ 58. Kd4 Ra6 59. Rc7
Re6 60. Kc5 Re1 61. Rc6 Ng8 62. Ra6 Ne7 63. Rff6 Ng8 64. Rfb6 Re3 65. Ra7 Rxf3
66. Kd4 Nf6 67. Rb8 Rf4+ 68. Kd3 Nxg4 69. Raa8 Nf6 70. Ke3 Rh4 71. Ke2 Rxh5 72.
Ra7 Rh2+ 73. Ke1 Rc2 74. Rbb7 Kg6 75. Rxf7 Ng4 76. Rfc7 Rh2 77. Rc6+ Kh5 78.
Rh7 Kh4 79. Kf1 Ra2 80. Kg1 h5 81. Rc4 Ra3 82. Rhc7 Rg3+ 83. Kf1 Kh3 84. Rc3
Nh2+ 85. Ke2 h4 86. Rc1 Kg2 87. Rf7 Ng4 88. Rff1 Re3+ 89. Kd2 Ra3 90. Rf5 h3
91. Rxg5 Rg3 92. Rc3 h2 93. Rxg3+ Kxg3 94. Rh5 Nf2 95. Rxh2 Kxh2 1/2-1/2

[Event "20. Open Villa de Benidorm"]
[Site "Benidorm ESP"]
[Date "2007.04.26"]
[Round "5.4"]
[White "Jankovic, Alojzije"]
[Black "Llanes Hurtado, Miguel"]
[Result "1/2-1/2"]
[WhiteElo "2541"]
[BlackElo "2441"]
[PlyCount "62"]
[EventDate "2007.04.22"]
[EventType "swiss"]
[EventRounds "9"]
[EventCountry "ESP"]
[Source "lmi"]
[SourceDate "2007.04.22"]

1. d4 d5 2. c4 c6 3. Nc3 Nf6 4. e3 g6 5. Nf3 Bg7 6. Bd3 O-O 7. O-O Bg4 8. h3
Bxf3 9. Qxf3 Qd6 10. Bd2 Nbd7 11. cxd5 cxd5 12. Nb5 Qb6 13. a4 e5 14. a5 Qd8
15. Qd1 exd4 16. exd4 Ne4 17. Bxe4 dxe4 18. Bb4 Re8 19. Nd6 Re6 20. d5 Re5 21.
Bc3 Rh5 22. Bxg7 Kxg7 23. Nxb7 Qg5 24. Qd4+ Nf6 25. d6 Rxh3 26. Nc5 Rh4 27. Nd7
Rd8 28. Nxf6 Qxf6 29. Rfd1 e3 30. Qxe3 Rxd6 31. Qxa7 Qxb2 1/2-1/2

[Event "20. Open Villa de Benidorm"]
[Site "Benidorm ESP"]
[Date "2007.04.28"]
[Round "6.2"]
[White "Narciso Dublan, Marc"]
[Black "Chatalbashev, Boris"]
[Result "1/2-1/2"]
[WhiteElo "2539"]
[BlackElo "2546"]
[PlyCount "46"]
[EventDate "2007.04.22"]
[EventType "swiss"]
[EventRounds "9"]
[EventCountry "ESP"]
[Source "lmi"]
[SourceDate "2007.04.22"]

1. d4 g6 2. e4 Bg7 3. Nf3 d6 4. Bc4 Nf6 5. Qe2 O-O 6. e5 dxe5 7. dxe5 Nd5 8. h3
Nb6 9. Bb3 a5 10. a3 a4 11. Ba2 Nc6 12. O-O Nd4 13. Nxd4 Qxd4 14. e6 Bxe6 15.
Bxe6 fxe6 16. Qxe6+ Rf7 17. Nd2 Ra5 18. Nf3 Qc4 19. Re1 Qxe6 20. Rxe6 Rd5 21.
Kf1 Rd1+ 22. Re1 Rxe1+ 23. Kxe1 Rf5 1/2-1/2

[Event "20. Open Villa de Benidorm"]
[Site "Benidorm ESP"]
[Date "2007.04.28"]
[Round "6.3"]
[White "Strikovic, Aleksa"]
[Black "Vassallo, Mauricio"]
[Result "1-0"]
[WhiteElo "2563"]
[BlackElo "2392"]
[PlyCount "72"]
[EventDate "2007.04.22"]
[EventType "swiss"]
[EventRounds "9"]
[EventCountry "ESP"]
[Source "lmi"]
[SourceDate "2007.04.22"]

1. e4 g6 2. d4 Bg7 3. Nf3 d6 4. c3 Nf6 5. Bd3 O-O 6. O-O Nc6 7. h3 e5 8. Re1 a6
9. Nbd2 Re8 10. a4 Bd7 11. d5 Ne7 12. c4 c5 13. a5 b6 14. axb6 Qxb6 15. Nb1 Rf8
16. Nc3 Nh5 17. Bc2 Kh8 18. Ba4 Bc8 19. Ra3 Ng8 20. Be3 Bh6 21. Ng5 Ng7 22. Qd2
f6 23. h4 Qd8 24. Na2 f5 25. f4 exf4 26. Bxf4 fxe4 27. Nc3 Nf5 28. Ncxe4 Ra7
29. Rh3 Re7 30. h5 Nd4 31. Bxd6 Rxe4 32. Bxc5 Rxe1+ 33. Qxe1 Qxg5 34. Bxd4+ Bg7
35. Bxg7+ Kxg7 36. Rg3 Qf6 1-0

[Event "20. Open Villa de Benidorm"]
[Site "Benidorm ESP"]
[Date "2007.04.28"]
[Round "6.5"]
[White "Barlov, Dragan"]
[Black "Jankovic, Alojzije"]
[Result "1/2-1/2"]
[WhiteElo "2439"]
[BlackElo "2541"]
[PlyCount "57"]
[EventDate "2007.04.22"]
[EventType "swiss"]
[EventRounds "9"]
[EventCountry "ESP"]
[Source "lmi"]
[SourceDate "2007.04.22"]

1. Nf3 c5 2. c4 Nc6 3. d4 cxd4 4. Nxd4 e6 5. Nc3 Nf6 6. a3 Bc5 7. Nb3 Be7 8. e4
b6 9. Be2 Ba6 10. Be3 Rc8 11. f4 O-O 12. O-O d6 13. Rc1 Nb8 14. Nd2 d5 15. cxd5
exd5 16. Bxa6 Nxa6 17. Nxd5 Nxd5 18. Rxc8 Qxc8 19. exd5 Nc7 20. Ne4 Qa8 21. Nc3
Rd8 22. Qa4 Nxd5 23. Nxd5 Qxd5 24. Qxa7 Bc5 25. Bxc5 Qxc5+ 26. Kh1 Qf2 27. Qa6
Qxb2 28. h3 Qa1 29. Rxa1 1/2-1/2

[Event "20. Open Villa de Benidorm"]
[Site "Benidorm ESP"]
[Date "2007.04.28"]
[Round "7.1"]
[White "Radulski, Julian"]
[Black "Gagunashvili, Merab"]
[Result "1/2-1/2"]
[WhiteElo "2485"]
[BlackElo "2625"]
[PlyCount "121"]
[EventDate "2007.04.22"]
[EventType "swiss"]
[EventRounds "9"]
[EventCountry "ESP"]
[Source "lmi"]
[SourceDate "2007.04.22"]

1. e4 c6 2. d4 d5 3. Nc3 dxe4 4. Nxe4 Bf5 5. Ng3 Bg6 6. Nf3 Nd7 7. Bd3 e6 8.
O-O Ngf6 9. Bf4 Be7 10. c4 O-O 11. Re1 Qb6 12. Bxg6 hxg6 13. Qc2 Rfe8 14. a3 a5
15. Rab1 a4 16. c5 Qd8 17. Ne2 Nd5 18. Bg3 b6 19. cxb6 Qxb6 20. Nc3 Qa5 21. Ne4
c5 22. Ne5 Nxe5 23. dxe5 Reb8 24. Nd6 Rb3 25. Rec1 Rab8 26. h3 Qb6 27. Kh2 Rxb2
28. Rxb2 Qxb2 29. Qxc5 g5 30. Qa7 Rf8 31. Rc5 Qd4 32. Rc7 Qxa7 33. Rxa7 Rd8 34.
Rxa4 f5 35. f3 f4 36. Bf2 Bxd6 37. exd6 Rxd6 38. Ra8+ Kf7 39. Ra7+ Kf6 40. Bc5
Rc6 41. Bf8 Ne3 42. h4 gxh4 43. Bxg7+ Kg5 44. Bd4 Nf5 45. Ra5 Rc2 46. Be5 Ne3
47. Bd4+ Nd5 48. Ra8 Rd2 49. Rg8+ Kf5 50. Rf8+ Kg5 51. Rg8+ Kf5 52. Rf8+ Kg6
53. Be5 Kg5 54. a4 Ra2 55. Bd6 Rxa4 56. Rg8+ Kf6 57. Rh8 Ra6 58. Bb8 Rb6 59.
Ba7 Rb7 60. Bf2 Kg6 61. Rxh4 1/2-1/2

[Event "20. Open Villa de Benidorm"]
[Site "Benidorm ESP"]
[Date "2007.04.28"]
[Round "7.2"]
[White "Vega Gutierrez, Sabrina Neide"]
[Black "Strikovic, Aleksa"]
[Result "0-1"]
[WhiteElo "2333"]
[BlackElo "2563"]
[PlyCount "60"]
[EventDate "2007.04.22"]
[EventType "swiss"]
[EventRounds "9"]
[EventCountry "ESP"]
[Source "lmi"]
[SourceDate "2007.04.22"]

1. e4 e6 2. Nf3 d5 3. Nc3 Nf6 4. e5 Nfd7 5. d4 c5 6. dxc5 Bxc5 7. Bd3 Nc6 8.
Bf4 f6 9. exf6 Qxf6 10. Bg3 O-O 11. O-O a6 12. Qe2 Qh6 13. Rae1 Nf6 14. Na4 Ba7
15. Bd6 Re8 16. Ne5 Nxe5 17. Qxe5 Bd7 18. Nc5 Bc6 19. Nxe6 Ne4 20. Rxe4 dxe4
21. Bc4 Bb5 22. Bb3 Kh8 23. Ng5 Qf6 24. Qd5 h6 25. Nf7+ Kh7 26. Ne5 Bxf1 27.
Qxe4+ g6 28. Ng4 Qxd6 29. Qxb7+ Qe7 30. Nf6+ Kh8 0-1

[Event "20. Open Villa de Benidorm"]
[Site "Benidorm ESP"]
[Date "2007.04.28"]
[Round "7.3"]
[White "Movsziszian, Karen"]
[Black "Narciso Dublan, Marc"]
[Result "1-0"]
[WhiteElo "2494"]
[BlackElo "2539"]
[PlyCount "59"]
[EventDate "2007.04.22"]
[EventType "swiss"]
[EventRounds "9"]
[EventCountry "ESP"]
[Source "lmi"]
[SourceDate "2007.04.22"]

1. e4 e5 2. Nf3 Nc6 3. Bb5 a6 4. Ba4 Nf6 5. d3 d6 6. c3 g6 7. O-O Bg7 8. Re1
O-O 9. Bg5 Bd7 10. Nbd2 Qe8 11. Nf1 Nd4 12. cxd4 Bxa4 13. b3 Bd7 14. dxe5 dxe5
15. d4 exd4 16. e5 Nd5 17. Qxd4 Ne7 18. Ng3 Nc6 19. Qf4 Qe6 20. Re4 Rae8 21.
Rae1 Ne7 22. Nd4 Qb6 23. Bh6 g5 24. Bxg5 Ng6 25. Qd2 Rxe5 26. Rxe5 Bxe5 27. Nf3
Bxg3 28. hxg3 Bg4 29. Bh6 Rc8 30. Qc3 1-0

[Event "20. Open Villa de Benidorm"]
[Site "Benidorm ESP"]
[Date "2007.04.28"]
[Round "7.4"]
[White "Lopez Martinez, Josep Manuel"]
[Black "Khamrakulov, Ibragim S"]
[Result "1-0"]
[BlackElo "2545"]
[PlyCount "61"]
[EventDate "2007.04.22"]
[EventType "swiss"]
[EventRounds "9"]
[EventCountry "ESP"]
[Source "lmi"]
[SourceDate "2007.04.22"]
[WhiteElo "2563"]

1. e4 c5 2. Nf3 e6 3. d4 cxd4 4. Nxd4 a6 5. Nc3 Ne7 6. Be3 Nbc6 7. Nb3 Ng6 8.
Qd2 b5 9. O-O-O Nge5 10. f4 Nc4 11. Bxc4 bxc4 12. Nc5 Rb8 13. e5 Qa5 14. Nxd7
Rxb2 15. Nxf8 Rb7 16. Qd6 Ne7 17. Na4 f6 18. exf6 gxf6 19. Nb6 c3 20. Qc5 Qxa2
21. Qxc3 Rxf8 22. Bc5 Rc7 23. Rd8+ Kf7 24. Rxf8+ Kxf8 25. Qxf6+ Ke8 26. Qh8+
Kf7 27. Qxh7+ Ke8 28. Qh8+ Kf7 29. Nxc8 Nf5 30. Qh7+ Ng7 31. Nd6+ 1-0

[Event "20. Open Villa de Benidorm"]
[Site "Benidorm ESP"]
[Date "2007.04.29"]
[Round "8.1"]
[White "Strikovic, Aleksa"]
[Black "Jankovic, Alojzije"]
[Result "1/2-1/2"]
[WhiteElo "2563"]
[BlackElo "2541"]
[PlyCount "47"]
[EventDate "2007.04.22"]
[EventType "swiss"]
[EventRounds "9"]
[EventCountry "ESP"]
[Source "lmi"]
[SourceDate "2007.04.22"]

1. c4 c5 2. Nf3 Nc6 3. Nc3 e5 4. e3 Nf6 5. d4 cxd4 6. exd4 e4 7. Ne5 Bb4 8. Be2
Qa5 9. Nxc6 dxc6 10. Bd2 O-O 11. O-O Re8 12. a3 Bxc3 13. Bxc3 Qg5 14. Qc1 Qg6
15. Qe3 Bg4 16. Rfe1 Bxe2 17. Rxe2 b5 18. b3 Ng4 19. Qg3 e3 20. fxe3 Qd3 21.
Qxg4 Qxc3 22. Rf1 Qxb3 23. cxb5 cxb5 24. Qd7 1/2-1/2

[Event "20. Open Villa de Benidorm"]
[Site "Benidorm ESP"]
[Date "2007.04.29"]
[Round "8.2"]
[White "Llanes Hurtado, Miguel"]
[Black "Movsziszian, Karen"]
[Result "0-1"]
[WhiteElo "2441"]
[BlackElo "2494"]
[PlyCount "68"]
[EventDate "2007.04.22"]
[EventType "swiss"]
[EventRounds "9"]
[EventCountry "ESP"]
[Source "lmi"]
[SourceDate "2007.04.22"]

1. e4 c5 2. Nf3 d6 3. d4 cxd4 4. Nxd4 Nf6 5. Nc3 a6 6. Rg1 b5 7. g4 Bb7 8. g5
Nxe4 9. Nxe4 Bxe4 10. Qg4 Bb7 11. Bg2 Qc7 12. Be3 Nc6 13. O-O-O Rc8 14. Bxc6+
Bxc6 15. Rd2 Bd7 16. Qe4 g6 17. h4 Qc4 18. Kb1 e5 19. Qb7 Be7 20. f4 exd4 21.
Bxd4 Rg8 22. Qxa6 Qc6 23. Qa3 Be6 24. Qe3 Ra8 25. b3 Qa6 26. h5 Qxa2+ 27. Kc1
Kd7 28. hxg6 hxg6 29. Qd3 Qa3+ 30. Kd1 Qa6 31. Re1 Qc6 32. Kc1 Ra2 33. Bb2 Rga8
34. Re5 Qh1+ 0-1

[Event "20. Open Villa de Benidorm"]
[Site "Benidorm ESP"]
[Date "2007.04.29"]
[Round "8.4"]
[White "Khamrakulov, Ibragim S"]
[Black "Radulski, Julian"]
[Result "1-0"]
[WhiteElo "2545"]
[BlackElo "2485"]
[PlyCount "93"]
[EventDate "2007.04.22"]
[EventType "swiss"]
[EventRounds "9"]
[EventCountry "ESP"]
[Source "lmi"]
[SourceDate "2007.04.22"]

1. e4 e5 2. Nf3 Nc6 3. Bb5 a6 4. Ba4 Nf6 5. O-O Be7 6. Re1 b5 7. Bb3 d6 8. c3
O-O 9. a3 Na5 10. Bc2 c5 11. b4 Nc6 12. d4 cxd4 13. cxd4 Bg4 14. Bb2 Nxd4 15.
Bxd4 exd4 16. Nbd2 Rc8 17. h3 Bh5 18. Qb1 Qb6 19. a4 Bg6 20. Bd3 Rc3 21. axb5
axb5 22. Ra5 d5 23. Rxb5 Qc7 24. Nxd4 dxe4 25. Nxe4 Rxd3 26. Qxd3 Nxe4 27. Rxe4
Qc1+ 28. Kh2 Bd6+ 29. g3 Bxe4 30. Qxe4 Qc4 31. Rg5 g6 32. Qd5 Qc1 33. Rg4 Rd8
34. Kg2 Be7 35. Qb7 Bf8 36. Nc6 Rd1 37. Ne5 Be7 38. Rc4 Rg1+ 39. Kh2 Qe1 40.
Nd3 Qb1 41. Rc7 Bf8 42. Qd5 Rh1+ 43. Qxh1 Qxd3 44. Qb7 Qb3 45. b5 Bd6 46. Rd7
Qe6 47. Qc6 1-0

[Event "20. Open Villa de Benidorm"]
[Site "Benidorm ESP"]
[Date "2007.04.30"]
[Round "9.1"]
[White "Movsziszian, Karen"]
[Black "Arizmendi Martinez, Julen L"]
[Result "1/2-1/2"]
[WhiteElo "2494"]
[BlackElo "2525"]
[PlyCount "30"]
[EventDate "2007.04.22"]
[EventType "swiss"]
[EventRounds "9"]
[EventCountry "ESP"]
[Source "lmi"]
[SourceDate "2007.04.22"]

1. d4 d5 2. c4 c6 3. Nf3 Nf6 4. cxd5 cxd5 5. Bf4 Nc6 6. Nc3 a6 7. e3 Bg4 8. Be2
Bxf3 9. Bxf3 e6 10. O-O Bd6 11. Bxd6 Qxd6 12. Rc1 Ne4 13. Bxe4 Rd8 14. Ra1 Ra8
15. Rc1 Rd8 1/2-1/2

[Event "20. Open Villa de Benidorm"]
[Site "Benidorm ESP"]
[Date "2007.04.30"]
[Round "9.4"]
[White "Chatalbashev, Boris"]
[Black "Barlov, Dragan"]
[Result "1-0"]
[WhiteElo "2546"]
[BlackElo "2439"]
[PlyCount "79"]
[EventDate "2007.04.22"]
[EventType "swiss"]
[EventRounds "9"]
[EventCountry "ESP"]
[Source "lmi"]
[SourceDate "2007.04.22"]

1. d4 Nf6 2. c4 e6 3. Nf3 Bb4+ 4. Nbd2 b6 5. a3 Bxd2+ 6. Qxd2 Ba6 7. e3 d5 8.
b3 Nbd7 9. Be2 O-O 10. O-O c5 11. Bb2 Ne4 12. Qc2 Rc8 13. dxc5 Ndxc5 14. Rad1
Qe8 15. Rd4 Bb7 16. b4 Na4 17. Ba1 Nd6 18. Rg4 f6 19. Bd3 Ne4 20. Nd2 b5 21. c5
Qh5 22. Qd1 Qe8 23. Nxe4 dxe4 24. Bxe4 Bxe4 25. Rxe4 e5 26. Rh4 Rd8 27. Qc2 h6
28. Rg4 Kh8 29. Rg3 Qf7 30. f4 exf4 31. Rxf4 Qd7 32. Bd4 Qf7 33. h4 Rd7 34. Rg6
Qe6 35. h5 Re7 36. Kh2 Rff7 37. Qf2 Kh7 38. Qg3 Kh8 39. e4 Qc8 40. Rfxf6 1-0

[Event "20. Open Villa de Benidorm"]
[Site "Benidorm ESP"]
[Date "2007.04.30"]
[Round "9.5"]
[White "Saric, Ante"]
[Black "Khamrakulov, Ibragim S"]
[Result "0-1"]
[WhiteElo "2496"]
[BlackElo "2545"]
[PlyCount "102"]
[EventDate "2007.04.22"]
[EventType "swiss"]
[EventRounds "9"]
[EventCountry "ESP"]
[Source "lmi"]
[SourceDate "2007.04.22"]

1. d4 Nf6 2. c4 e6 3. Nf3 b6 4. Nc3 Bb4 5. Bg5 Bb7 6. e3 h6 7. Bh4 c5 8. Bd3
cxd4 9. exd4 O-O 10. O-O Be7 11. Qe2 Re8 12. Rfe1 Bxf3 13. Qxf3 Nc6 14. d5 Nb4
15. Bg3 Nxd3 16. Qxd3 Bb4 17. Be5 Ng4 18. Bg3 Bxc3 19. Qxc3 exd5 20. Qf3 Qg5
21. h4 Qh5 22. cxd5 Rac8 23. d6 Rxe1+ 24. Rxe1 Qa5 25. Qd1 h5 26. Qb1 Qd2 27.
b3 Nf6 28. Rd1 Qc2 29. f3 Qxb1 30. Rxb1 Nd5 31. Re1 f6 32. Rd1 Ne3 33. Re1 Nf5
34. Bf2 Kf7 35. g4 hxg4 36. fxg4 Nxd6 37. Rd1 Ke7 38. Re1+ Kd8 39. Bd4 Rc2 40.
g5 fxg5 41. h5 Nf5 42. Be5 Rc5 43. Kf2 g4 44. Re4 d6 45. Bf4 Kd7 46. Bg5 Rc2+
47. Kg1 g3 48. Rg4 Rh2 49. Rf4 Ke6 50. Re4+ Kd5 51. Rf4 Nd4 0-1

[Event "20. Open Villa de Benidorm"]
[Site "Benidorm ESP"]
[Date "2007.05.01"]
[Round "10.1"]
[White "Chatalbashev, Boris"]
[Black "Movsziszian, Karen"]
[Result "1-0"]
[PlyCount "65"]
[EventDate "2007.04.22"]
[EventType "swiss"]
[EventRounds "9"]
[EventCountry "ESP"]
[Source "lmi"]
[SourceDate "2007.04.22"]
[WhiteElo "2546"]
[BlackElo "2494"]

1. d4 f5 2. g3 Nf6 3. Bg2 g6 4. Nh3 Bg7 5. Nf4 Nc6 6. d5 Ne5 7. Nc3 c6 8. e4
fxe4 9. Nxe4 Nxe4 10. Bxe4 O-O 11. O-O Qb6 12. Bg2 d6 13. h3 a5 14. a4 Bf5 15.
Ra3 Rab8 16. Re3 Qc5 17. c3 Qb6 18. b3 Rbe8 19. c4 cxd5 20. Qxd5+ Kh8 21. Qxb7
Qxb7 22. Bxb7 g5 23. Nh5 Rb8 24. Bg2 Bd3 25. Rfe1 Rxb3 26. Nxg7 Kxg7 27. c5 Kf6
28. f4 gxf4 29. gxf4 Ng6 30. Bd5 Rb1 31. Rxd3 Nxf4 32. Rf3 e5 33. Kf2 1-0

[Event "20. Open Villa de Benidorm"]
[Site "Benidorm ESP"]
[Date "2007.05.01"]
[Round "10.3"]
[White "Khamrakulov, Ibragim S"]
[Black "Strikovic, Aleksa"]
[Result "1-0"]
[PlyCount "48"]
[EventDate "2007.04.22"]
[EventType "swiss"]
[EventRounds "9"]
[EventCountry "ESP"]
[Source "lmi"]
[SourceDate "2007.04.22"]
[WhiteElo "2545"]
[BlackElo "2563"]

1. e4 c5 2. Nf3 d6 3. c3 Nf6 4. Be2 Nc6 5. d4 cxd4 6. cxd4 Nxe4 7. d5 Qa5+ 8.
Nc3 Nxc3 9. bxc3 Ne5 10. O-O Nxf3+ 11. Bxf3 g6 12. Qd4 Rg8 13. Re1 Bd7 14. Rb1
Qc7 15. Bg5 h6 16. Bf6 Kd8 17. Re3 Rc8 18. Qxa7 b5 19. Qxc7+ Kxc7 20. Bd4 e5
21. dxe6 fxe6 22. c4 bxc4 23. Bb6+ Kb8 24. Bd4+ Kc7 1-0

[Event "20. Open Villa de Benidorm"]
[Site "Benidorm ESP"]
[Date "2007.05.01"]
[Round "10.4"]
[White "Arizmendi Martinez, Julen L"]
[Black "Lopez Martinez, Josep Manuel"]
[Result "1/2-1/2"]
[PlyCount "28"]
[EventDate "2007.04.22"]
[EventType "swiss"]
[EventRounds "9"]
[EventCountry "ESP"]
[Source "lmi"]
[SourceDate "2007.04.22"]
[WhiteElo "2525"]
[BlackElo "2563"]

1. e4 e5 2. Nf3 Nc6 3. Bb5 a6 4. Bxc6 dxc6 5. O-O Qf6 6. h3 Bd7 7. c3 c5 8. d4
exd4 9. cxd4 cxd4 10. Bg5 Qb6 11. Qxd4 Qxd4 12. Nxd4 Bd6 13. Nd2 f6 14. Be3 Ne7
1/2-1/2

[Event "20. Open Villa de Benidorm"]
[Site "Benidorm ESP"]
[Date "2007.05.01"]
[Round "10.5"]
[White "Narciso Dublan, Marc"]
[Black "Radulski, Julian"]
[Result "1/2-1/2"]
[PlyCount "69"]
[EventDate "2007.04.22"]
[EventType "swiss"]
[EventRounds "9"]
[EventCountry "ESP"]
[Source "lmi"]
[SourceDate "2007.04.22"]
[WhiteElo "2539"]
[BlackElo "2485"]

1. d4 d5 2. c4 e6 3. Nc3 Be7 4. Nf3 Nf6 5. Bg5 O-O 6. e3 Nbd7 7. Rc1 a6 8. c5
c6 9. Bd3 e5 10. dxe5 Ng4 11. Bf4 Nxc5 12. h3 Nxd3+ 13. Qxd3 Nh6 14. Bxh6 gxh6
15. e4 dxe4 16. Qxe4 Qb6 17. b3 Qb4 18. Qe3 Kh8 19. O-O Rg8 20. Kh1 Be6 21. Ne2
Rad8 22. Nf4 Bg5 23. Nxg5 hxg5 24. Nxe6 fxe6 25. Rfd1 Qf4 26. Qxf4 gxf4 27.
Rxd8 Rxd8 28. Rc4 Rf8 29. Rd4 Rf5 30. Rd7 b5 31. Ra7 Rxe5 32. Rxa6 Rc5 33. Ra7
Rc2 34. f3 b4 35. Kh2 1/2-1/2